Yugoslav system of self-management and joint business ventures foreign private firms
Gespeichert in:
| 1. Verfasser: | |
|---|---|
| Format: | Buch |
| Sprache: | Undetermined |
| Veröffentlicht: |
Beograd
1967
|
| Schlagworte: | |
| Tags: |
Tag hinzufügen
Keine Tags, Fügen Sie den ersten Tag hinzu!
|
| Thư viện lưu trữ: | Trung tâm Học liệu Trường Đại học Cần Thơ |
|---|
| LEADER | 00515nam a2200169Ia 4500 | ||
|---|---|---|---|
| 001 | CTU_98744 | ||
| 008 | 210402s9999 xx 000 0 und d | ||
| 082 | |a 382 | ||
| 082 | |b S948 | ||
| 100 | |a Sukijasovic, Miodrag | ||
| 245 | 0 | |a Yugoslav system of self-management and joint business ventures foreign private firms | |
| 245 | 0 | |c Miodrag Sukijasovic | |
| 260 | |a Beograd | ||
| 260 | |c 1967 | ||
| 650 | |a Management business,Business | ||
| 904 | |i Tuyến | ||
| 980 | |a Trung tâm Học liệu Trường Đại học Cần Thơ | ||